| 000 | 00520nam a22001817a 4500 | ||
|---|---|---|---|
| 999 |
_c195402 _d195402 |
||
| 005 | 20230327145448.0 | ||
| 010 | _aENG-136506 | ||
| 020 |
_a9789352102556 _c50.00 |
||
| 035 | _aEN-120038 | ||
| 037 | _bDBAD/PUB | ||
| 082 | _a181.4 | ||
| 245 | _aSri Aurobindo Changing The Face Of Indian Policies / | ||
| 250 | _aFirst | ||
| 260 |
_aPondicherry _bSri Aurobindo Ashram Publication Department _c2022 |
||
| 270 |
_bPondicherry _e605002 |
||
| 300 |
_ax82p.; _c18cm(pbk) |
||
| 942 |
_2ddc _cEN _h181.4 _mSRI |
||